| 000 | 00846nam a22002771 4500 | ||
|---|---|---|---|
| 001 | 8407 | ||
| 003 | BD-RjUL | ||
| 005 | 20211208234601.0 | ||
| 008 | 140118r19781961ny a 001 0 eng d | ||
| 020 | _a07204004457 (North Holland) | ||
| 035 | _a(BD-RjUL)8452 | ||
| 040 |
_aDLC/ICU _cICU _dDLC _dBD-RjUL _beng |
||
| 041 | 1 | _aengfre | |
| 082 | 0 | 0 |
_a530.12 _bMEQ 1978 |
| 100 | 1 |
_aMessiah, Albert _926174 |
|
| 245 | 1 | 0 |
_aQuantum mechanics. _cby Messiah Albert _pV-2 |
| 260 |
_aAmsterdam : _bNorth-Holland Pub. Co.; _aNew York : _bInterscience Publishers, _c1961 [reprinted 1978]. |
||
| 300 |
_axv. 1135 p. : _billus. _c24 cm. |
||
| 504 | _aIncludes index. | ||
| 650 | 0 |
_aQuantum theory. _926175 |
|
| 942 |
_2ddc _cBK |
||
| 999 |
_c8407 _d8407 |
||